00342pab a2200121 454500008004000000100002400040245007900064260000900143300001500152362000800167650001600175773002900191180718b2011 xxu||||| |||| 00| 0 eng d aCohen, Elizabeth F. aReconsidering US immigration reform: The temporal principle of citizenship c2011 ap.575-583. aSep aImmigration aPerspectives on Politics